[Event "Fall Chess Classic-B 2019"]
[Site "Saint Louis"]
[Date "2019.09.17"]
[Round "8.1"]
[White "Zierk, Steven"]
[Black "Fier, Alexandr"]
[Result "0-1"]
[WhiteElo "2517"]
[BlackElo "2549"]
[Annotator "TA"]
[PlyCount "70"]
[EventDate "2019.09.10"]
[EventType "tourn"]
[EventCountry "USA"]
[SourceTitle "playchess.com"]
[Source "ChessBase"]
[SourceQuality "1"]

{[%evp 13,104,9,0,0,0,0,0,0,2,-4,0,0,-9,-51,-29,-60,0,0,0,0,14,-31,-28,-14,0,-44,-44,-81,-74,-95,-87,-95,-94,-109,-97,-164,-160,-207,-195,-206,-196,-196,-166,-157,-163,-202,-157,-157,-170,-157,-162,-158,-164,-165,-165,-170,-149,-143,-128,-143,-135,-131,-129,-172,-170,-423,-415,-482,-447,-542,-531,-522,-479,-521,-516,-770,-759,-5695,-2367,-29967,-29968,-29962,-29965,-29970,-29971,-29972,-29973,-29974,-29976,-29978,-29979,-29979,-29980]} 1. e4 c5 2. Nf3 a6 3. c3 d5 4. exd5 Nf6 5. d4 cxd4 6. cxd4 Nxd5 7. Nc3 Nc6 8. Bc4 {B13: Caro-Kann: Exchange Variation and Panov-Botvinnik Attack} Be6 {...Nxc3 is the strong threat.} 9. Bb3 $146 (9. Qe2 Nxc3 10. bxc3 Bxc4 11. Qxc4 e6 12. Rb1 Qd7 13. Qb3 b5 14. a4 Na5 15. Qc2 Bd6 16. axb5 axb5 {1-0 (70) Kryvoruchko,Y (2707)-Fier,A (2580) Dubai 2014}) 9... Na5 10. Ng5 {The position is equal.} Qd7 11. Bc2 Bg4 12. f3 Bf5 13. Be4 Nxc3 14. bxc3 h6 ({Better is} 14... e6 $15) 15. Bxf5 $11 Qxf5 16. Ne4 Qb5 17. Kf2 e6 18. Bf4 Qc6 19. Qe2 (19. Re1 $5 {[%cal Rd4d5]}) 19... Be7 20. Rac1 b5 21. Nd2 Rc8 22. a4 bxa4 23. Qe5 {[%mdl 64] Double Attack} Nb3 24. Nxb3 (24. Qxg7 $17 {was worth a try.} Nxc1 25. Rxc1) 24... Bf6 $19 25. Qa5 {Threatens to win with Nc5.} axb3 26. Qb4 {[#]} Qc4 $1 27. Bd6 Qxb4 28. Bxb4 Be7 29. Rb1 Bxb4 30. cxb4 {[%mdl 4096] Endgame KRR-KRR} Rc2+ 31. Ke3 b2 32. Rhd1 Rxg2 33. Rd2 Rxd2 34. Kxd2 {KR-KR} Ke7 35. Rxb2 Rd8 {Played: Rh8-b8} 0-1

[Event "Fall Chess Classic-B 2019"]
[Site "Saint Louis"]
[Date "2019.09.17"]
[Round "8.2"]
[White "Grigoryan, Avetik"]
[Black "Hambleton, Aman"]
[Result "1-0"]
[WhiteElo "2568"]
[BlackElo "2492"]
[Annotator "TA"]
[PlyCount "107"]
[EventDate "2019.09.10"]
[EventType "tourn"]
[EventCountry "USA"]
[SourceTitle "playchess.com"]
[Source "ChessBase"]
[SourceQuality "1"]

{[%evp 9,133,20,9,8,15,7,12,0,0,0,5,5,9,-13,12,0,6,6,10,5,13,8,28,28,24,23,22,22,31,40,175,165,136,131,177,177,176,175,175,173,178,181,239,176,258,258,258,252,252,252,252,252,252,252,252,252,302,245,318,280,289,245,368,368,368,368,440,368,368,239,368,368,368,368,360,360,360,360,346,346,440,423,488,488,488,488,481,481,496,509,1868,1863,1800,1784,1729,1732,1750,1723,1564,1485,1140,826,822,822,822,815,815,796,1669,1220,29978,29979,29978,29980,29980,29980,29977,29978,29978,29979,29977,29977,29977,29978,29980,29978]} 1. e4 e6 2. d4 d5 3. Bd3 Nc6 4. Nf3 Nb4 5. Nc3 Nxd3+ 6. cxd3 {C01: French: Exchange Variation} c6 $146 ({Predecessor:} 6... Nf6 7. O-O Be7 8. h3 O-O 9. Bf4 c6 10. Re1 b6 11. Rc1 Bb7 {½-½ (102) Onischuk,V (2601)-Budnikov,O (2403) Lutsk 2017}) 7. O-O Bd6 8. Re1 {The position is equal.} Ne7 9. Bg5 f6 10. Bh4 O-O 11. Qd2 Bd7 12. Rac1 Rc8 13. Bg3 Bxg3 14. hxg3 h6 15. b4 g5 16. a4 Kg7 17. a5 Ng6 18. Na4 b6 19. Ra1 c5 ({Black should play} 19... Qc7 $14) 20. axb6 $18 axb6 21. bxc5 Bxa4 22. Rxa4 bxc5 23. dxc5 Rxc5 24. Nd4 Re8 25. Qe3 {Black must now prevent Nxe6+!} Qd7 (25... Rc8 $142 26. Ra6 Nf8) 26. Ra6 $36 {[%mdl 2048] And now Nf5+! would win. White is in control.} Rcc8 {[#]} (26... Kh7 $142 27. exd5 Qxd5 28. Nxe6 Re7) 27. Ra7 $1 {[%mdl 512]} Qxa7 {[#]} 28. Nxe6+ $1 {[%mdl 576] Discovered Attack} Rxe6 29. Qxa7+ Re7 30. Qd4 dxe4 31. dxe4 Rce8 32. f3 Ne5 33. Ra1 Rd7 34. Qb6 Rf7 35. Ra6 Nd7 (35... Ng6 {was called for.} 36. Qe3 Ne5) 36. Qd4 Nf8 37. f4 Re6 38. Ra8 Rfe7 39. Ra4 Rd7 (39... Rxe4 $142 40. Qxe4 Rxe4 41. Rxe4 Kg6) 40. Ra7 Ree7 41. Rxd7 Rxd7 {[%mdl 4096] Endgame KQ-KRN} 42. Qa4 Re7 43. Kf2 Rf7 44. Kf3 Nd7 45. Qb5 Kh7 46. Qf5+ Kg7 47. Kg4 Re7 48. Kh5 Nf8 49. Qc5 Ng6 (49... Rf7 $142 50. Qc6 (50. fxg5 hxg5 51. Qf5 Re7 $16) 50... gxf4 51. gxf4 Ng6) 50. e5 gxf4 51. exf6+ Kxf6 52. Kxh6 Re6 53. g4 Ne5 54. Kh5 {Played: Qc5-d4} 1-0

[Event "Fall Chess Classic-B 2019"]
[Site "Saint Louis"]
[Date "2019.09.17"]
[Round "8.3"]
[White "Petrosyan, Manuel"]
[Black "Mikhalevski, Victor"]
[Result "1/2-1/2"]
[WhiteElo "2613"]
[BlackElo "2578"]
[Annotator "TA"]
[PlyCount "87"]
[EventDate "2019.09.10"]
[EventType "tourn"]
[EventCountry "USA"]
[SourceTitle "playchess.com"]
[Source "ChessBase"]
[SourceQuality "1"]

{[%evp 14,87,35,41,41,5,10,8,24,0,6,0,4,2,20,20,20,18,23,20,20,20,14,20,143,141,145,155,148,143,143,128,206,181,175,127,196,113,113,113,117,110,99,109,104,46,43,48,48,38,42,48,58,36,45,25,54,43,61,14,87,12,12,12,13,0,15,0,0,0,0,0,0,0,0,0]} 1. c4 Nf6 2. Nc3 d5 3. cxd5 Nxd5 4. g3 g6 5. Bg2 Nxc3 6. bxc3 Bg7 7. h4 h6 8. Rb1 Nc6 {A16: English Opening: 1...Nf6 with ...d5} 9. Nh3 $146 ({Predecessor:} 9. Nf3 O-O 10. O-O b6 11. d3 Bd7 12. Qc2 Na5 13. Bf4 c5 14. Ne5 Rc8 15. Nxd7 Qxd7 16. e4 {½-½ (28) Eljanov,P (2703)-Mikhalevski,V (2565) Porto Carras 2018}) 9... O-O 10. Nf4 Na5 11. Qa4 c6 $1 12. d4 Bd7 13. O-O c5 14. Qa3 cxd4 15. cxd4 Rc8 16. Nd5 Re8 17. Bf4 Bc6 18. Rbc1 Bf8 (18... e6 $11 19. Nc7 Rxc7 20. Qxa5 {[%mdl 64] Double Attack} Rc8 21. Qxd8 Rexd8) 19. Bc7 $1 $36 {[%cal Rc7d8][%mdl 2112] Deflection. Black is under strong pressure.} Rxc7 20. Nxc7 ({Stronger than} 20. Qxa5 Rd7 $17) 20... Qxc7 21. d5 $1 e6 22. Qe3 $1 h5 ({Avoid the trap} 22... exd5 $2 23. Qxe8 $1 {[%mdl 512]} Nc4 24. Rxc4 $18 (24. Qa8 $2 b5 $19)) (22... Rc8 $16) 23. dxc6 bxc6 24. Rfd1 c5 (24... Rb8 $16 25. Rd3 a6) 25. Qd3 (25. g4 $1 $18 {[%cal Rg4h5] Threatens to win with gxh5.} hxg4 26. h5 $1 {[%mdl 512]}) 25... c4 26. Qd7 Rc8 27. Qxc7 Rxc7 28. Rd8 Kg7 29. e3 ({Better is} 29. Rb8 $16) 29... Ba3 $14 30. Rc2 c3 31. Bf1 Bb2 {With the idea ...Nc6.} 32. Rd4 Kf6 33. Bd3 Ke7 34. Kf1 Rc5 35. Rb4 Kd6 36. Ke2 f5 {[#]} (36... Nc6 $11 {keeps the balance.} 37. Rb3 a5) 37. f4 (37. Bb5 $1 $16) 37... Nc6 $1 $11 {[%cal Rc6b4] The position is equal.} 38. Ra4 a5 39. a3 $1 Nb8 40. Bc4 Nd7 {next ...Nb6 is good for Black.} 41. Bb3 Ke7 42. Rc4 Rxc4 43. Bxc4 Nc5 44. Kd1 {Accuracy: White = 57%, Black = 65%.} 1/2-1/2

[Event "Fall Chess Classic-B 2019"]
[Site "Saint Louis"]
[Date "2019.09.17"]
[Round "8.4"]
[White "Shtembuliak, Evgeny"]
[Black "Kadric, Denis"]
[Result "0-1"]
[WhiteElo "2548"]
[BlackElo "2558"]
[Annotator "RC"]
[PlyCount "108"]
[EventDate "2019.09.10"]
[EventType "tourn"]
[EventCountry "USA"]
[SourceTitle "playchess.com"]
[Source "ChessBase"]
[SourceQuality "1"]
[TimeControl "40/5400+30:1800+30"]

1. d4 {[%emt 0:02:29]} d6 {[%emt 0:00:00]} 2. Nf3 {[%emt 0:00:08]} Nf6 {[%emt 0:00:00]} 3. c4 {[%emt 0:00:37]} g6 {[%emt 0:00:00]} 4. g3 {[%emt 0:00:30]} Bg7 {[%emt 0:00:00]} 5. Bg2 {[%emt 0:00:05]} c6 {[%emt 0:00:07]} 6. O-O {[%emt 0:00:14]} O-O {[%emt 0:00:02]} 7. Nc3 {[%emt 0:00:07]} Bf5 {[%emt 0:00:02]} 8. Ng5 {[%emt 0:00:08]} e5 {[%emt 0:00:40]} 9. d5 {[%emt 0:00:22]} Qc7 {[%emt 0:00:19]} 10. dxc6 {[%emt 0:06:28]} bxc6 {[%emt 0:00:31]} 11. b4 {[%emt 0:00:29]} h6 {[%emt 0:02:45]} 12. Nge4 {[%emt 0:02:36]} Nxe4 {[%emt 0:03:25]} 13. Nxe4 {[%emt 0:01:11]} Rd8 {[%emt 0:00:37]} 14. Nc3 {[%emt 0:10:43]} Be6 {[%emt 0:02:32]} 15. Qb3 {[%emt 0:01:06]} f5 {[%emt 0:04:44]} 16. b5 {[%emt 0:23:40]} e4 {[%emt 0:00:11]} 17. Bb2 {[%emt 0:04:32]} Qf7 {[%emt 0:03:25]} 18. Qa4 {[%emt 0:00:30]} Nd7 {[%emt 0:02:31]} 19. bxc6 {[%emt 0:03:51]} Nb6 {[%emt 0:00:05]} 20. Qc2 {[%emt 0:00:16]} Nxc4 {[%emt 0:00:02]} 21. Rac1 {[%emt 0:03:45]} Rac8 {[%emt 0:08:48]} 22. Ba1 {[%emt 0:00:09]} Rxc6 {[%emt 0:00:02]} 23. Nb5 {[%emt 0:00:19]} Bxa1 {[%emt 0:00:49]} 24. Rxa1 {[%emt 0:00:01]} Rc5 {[%emt 0:00:42]} 25. Nd4 {[%emt 0:04:27]} Ne3 {[%emt 0:00:39]} 26. Qd2 {[%emt 0:00:03]} Nxf1 {[%emt 0:00:17]} 27. Bxf1 {[%emt 0:00:04]} Kh7 {[%emt 0:00:16]} 28. e3 {[%emt 0:00:19]} Bc4 {[%emt 0:00:42]} 29. Bxc4 {[%emt 0:00:15]} Qxc4 {[%emt 0:00:16]} 30. Rb1 {[%emt 0:00:08]} Rd7 {[%emt 0:00:58]} 31. Kg2 {[%emt 0:00:23]} Qd5 {[%emt 0:04:47]} 32. Rb8 {[%emt 0:02:39]} Rb7 {[%emt 0:01:24]} 33. Rd8 {[%emt 0:00:19]} h5 {[%emt 0:02:14]} 34. a4 {[%emt 0:05:52]} Rcc7 {[%emt 0:00:04]} 35. Qe2 {[%emt 0:02:06]} Rb1 {[%emt 0:08:52]} 36. Nb5 {[%emt 0:05:12]} Rc6 {[%emt 0:02:47]} 37. Rd7+ {[%emt 0:00:58]} Kh6 {[%emt 0:00:05]} 38. Nd4 {[%emt 0:03:28]} Rcb6 {[%emt 0:22:44]} 39. Rxa7 {[%emt 0:09:24]} R1b2 {[%emt 0:01:26]} 40. Qe1 {[%emt 0:00:00]} Qa2 {[%emt 0:00:00]} 41. a5 {[%emt 0:03:57]} R6b4 {[%emt 0:01:31]} 42. a6 {[%emt 0:14:59]} f4 {[%emt 0:07:59]} 43. gxf4 {[%emt 0:02:43]} Rxd4 {[%emt 0:00:02]} 44. exd4 {[%emt 0:00:41]} Re2 {[%emt 0:00:02]} 45. Qg1 {[%emt 0:03:40]} Qd2 {[%emt 0:05:39]} 46. Rf7 {[%emt 0:06:00]} Qd3 {[%emt 0:12:50]} 47. a7 {[%emt 0:09:16]} Ra2 {[%emt 0:00:05]} 48. Qf1 {[%emt 0:01:57]} Qf3+ {[%emt 0:00:15]} 49. Kg1 {[%emt 0:00:02]} e3 {[%emt 0:00:07]} 50. fxe3 {[%emt 0:01:13]} Qxe3+ {[%emt 0:00:03]} 51. Kh1 {[%emt 0:00:04]} Qe4+ {[%emt 0:00:01]} 52. Kg1 {[%emt 0:00:07]} Qxd4+ {[%emt 0:00:04]} 53. Kh1 {[%emt 0:00:04]} Qd5+ {[%emt 0:00:01]} 54. Kg1 {[%emt 0:00:05]} Qxf7 {[%emt 0:00:05]} 0-1

[Event "Fall Chess Classic-B 2019"]
[Site "Saint Louis"]
[Date "2019.09.17"]
[Round "8.5"]
[White "Hakobyan, Aram"]
[Black "Quesada Perez, Yasser"]
[Result "1/2-1/2"]
[WhiteElo "2550"]
[BlackElo "2572"]
[Annotator "TA"]
[PlyCount "66"]
[EventDate "2019.09.10"]
[EventType "tourn"]
[EventCountry "USA"]
[SourceTitle "playchess.com"]
[Source "ChessBase"]
[SourceQuality "1"]

{[%evp 10,66,17,18,14,6,10,6,27,14,4,21,20,5,22,0,0,-10,0,-6,-10,-15,-6,-14,-7,-11,0,0,0,0,0,-7,98,83,112,109,79,43,75,79,58,0,17,34,10,1,5,0,0,0,0,0,0,0,-5,-23,-19,-29,-14]} 1. Nf3 d5 2. g3 Nf6 3. Bg2 c6 4. O-O Bf5 5. d3 e6 6. Nh4 Bg4 {A07: Réti Opening: New York and Capablanca Systems} 7. h3 Bh5 8. f4 Be7 {The position is equal.} 9. Qe1 Nfd7 10. Nf3 O-O (10... Bxf3 11. Bxf3 O-O 12. e4 dxe4 13. dxe4 e5 14. Nd2 {0-1 (41) Nisipeanu,L (2672)-Wojtaszek,R (2737) Antalya 2017}) 11. e4 {[#] aiming for g4.} f6 $146 ({Predecessor:} 11... dxe4 12. dxe4 Bxf3 13. Rxf3 e5 14. Nd2 {½-½ (41) Ponkratov,P (2589)-Geller,J (2559) Khanty-Mansiysk 2012}) 12. Kh2 Bf7 13. Be3 c5 14. c3 Nc6 15. Nbd2 b5 16. d4 b4 17. f5 bxc3 18. fxe6 Bxe6 19. bxc3 dxe4 20. Nxe4 {[%cal Rd4c5]} Qa5 (20... cxd4 $11 21. Nxd4 Nxd4 22. Bxd4 Bc4) 21. dxc5 {Nd4 is the strong threat.} Bc4 22. Nd4 Nce5 23. c6 Nb6 {[#]} 24. Nf5 $1 {[%cal Rf5e7]} Ba3 25. Rg1 (25. Rf4 $1 $14) 25... Nf3+ 26. Bxf3 Qxf5 27. Qf2 {With the idea Rad1.} Bd5 $1 {[%cal Rd5e4]} 28. Qg2 $36 {[%mdl 2048] White has good play.} Rfe8 {[%cal Rd5e4]} 29. Bxb6 $1 {Strongly threatening Nxf6+!} Bxe4 30. Bxe4 Rxe4 31. Bd4 Qe6 32. Bf2 Qxc6 33. Rge1 Rc4 {Accuracy: White = 53%, Black = 59%.} 1/2-1/2

[Event "Fall Chess Classic-B 2019"]
[Site "Saint Louis"]
[Date "2019.09.18"]
[Round "9.1"]
[White "Quesada Perez, Yasser"]
[Black "Zierk, Steven"]
[Result "1-0"]
[WhiteElo "2572"]
[BlackElo "2517"]
[Annotator "ChessBase"]
[PlyCount "77"]
[EventDate "2019.09.10"]
[EventType "tourn"]
[EventCountry "USA"]
[SourceTitle "playchess.com"]
[Source "ChessBase"]
[SourceQuality "1"]
[TimeControl "40/5400+30:1800+30"]

1. e4 {[%emt 0:00:00]} e6 {[%emt 0:00:00]} 2. d4 {[%emt 0:00:00]} d5 {[%emt 0:00:00]} 3. Nc3 {[%emt 0:00:00]} Bb4 {[%emt 0:00:48]} 4. Nge2 {[%emt 0:00:16]} dxe4 {[%emt 0:00:46]} 5. a3 {[%emt 0:00:10]} Bxc3+ {[%emt 0:01:31]} 6. Nxc3 {[%emt 0:00:07]} Nc6 {[%emt 0:00:12]} 7. Bf4 {[%emt 0:00:12]} Nf6 {[%emt 0:04:36]} 8. Bb5 {[%emt 0:00:20]} Nd5 {[%emt 0:06:16]} 9. Bxc6+ {[%emt 0:00:10]} bxc6 {[%emt 0:00:05]} 10. Qd2 {[%emt 0:00:05]} Nxf4 {[%emt 0:04:42]} 11. Qxf4 {[%emt 0:00:11]} Qxd4 {[%emt 0:00:11]} 12. Qxc7 {[%emt 0:00:06]} O-O {[%emt 0:07:35]} 13. Rd1 {[%emt 0:00:14]} Qb6 {[%emt 0:02:01]} 14. Qxb6 {[%emt 0:00:21]} axb6 {[%emt 0:00:15]} 15. Rd6 {[%emt 0:00:03]} Bb7 {[%emt 0:05:23]} 16. Ke2 {[%emt 0:00:18]} f5 {[%emt 0:11:58]} 17. Rhd1 {[%emt 0:02:33]} e5 {[%emt 0:01:03]} 18. Rd7 {[%emt 0:15:39]} Rf7 {[%emt 0:08:31]} 19. Rxf7 {[%emt 0:01:48]} Ba6+ {[%emt 0:00:09]} 20. Ke1 {[%emt 0:04:43]} Kxf7 {[%emt 0:00:06]} 21. Rd7+ {[%emt 0:00:03]} Kf8 {[%emt 0:02:06]} 22. b3 {[%emt 0:08:15]} Bc8 {[%emt 0:15:38]} 23. Rc7 {[%emt 0:00:17]} Be6 {[%emt 0:01:56]} 24. Rxc6 {[%emt 0:01:03]} Bd7 {[%emt 0:00:49]} 25. Rc7 {[%emt 0:04:10]} Be8 {[%emt 0:00:38]} 26. a4 {[%emt 0:11:23]} Rd8 {[%emt 0:03:05]} 27. b4 {[%emt 0:01:00]} f4 {[%emt 0:05:20]} 28. a5 {[%emt 0:02:53]} bxa5 {[%emt 0:03:45]} 29. bxa5 {[%emt 0:00:12]} Ra8 {[%emt 0:01:22]} 30. Rc5 {[%emt 0:00:06]} e3 {[%emt 0:00:22]} 31. fxe3 {[%emt 0:01:07]} fxe3 {[%emt 0:00:02]} 32. Nd5 {[%emt 0:03:14]} Rb8 {[%emt 0:00:27]} 33. Nxe3 {[%emt 0:01:05]} Rb5 {[%emt 0:00:13]} 34. Rxb5 {[%emt 0:00:50]} Bxb5 {[%emt 0:00:01]} 35. c4 {[%emt 0:17:01]} Ba6 {[%emt 0:00:44]} 36. Nd5 {[%emt 0:07:34]} Bxc4 {[%emt 0:02:35]} 37. Nc7 {[%emt 0:00:10]} Bd3 {[%emt 0:00:06]} 38. a6 {[%emt 0:00:13]} Be4 {[%emt 0:00:04]} 39. Kf2 {[%emt 0:00:25]} 1-0

[Event "Fall Chess Classic-B 2019"]
[Site "Saint Louis"]
[Date "2019.09.18"]
[Round "9.2"]
[White "Kadric, Denis"]
[Black "Hakobyan, Aram"]
[Result "1/2-1/2"]
[WhiteElo "2558"]
[BlackElo "2550"]
[Annotator "TA"]
[PlyCount "84"]
[EventDate "2019.09.10"]
[EventType "tourn"]
[EventCountry "USA"]
[SourceTitle "playchess.com"]
[Source "ChessBase"]
[SourceQuality "1"]

{[%evp 17,84,12,19,0,0,0,0,-56,-16,-29,-36,-39,-26,-28,-22,-17,-9,-80,-76,-79,-88,-101,-95,-84,-81,-141,-139,-145,-132,-154,-146,-146,-146,-147,-140,-157,-146,-145,-145,-173,-146,-166,-171,-166,-131,-197,-182,-208,-183,-234,-141,-195,-191,-245,-105,-166,-141,-166,-164,-188,-176,-189,-179,-192,-179,-179,-182,-176,-153]} 1. e4 e5 2. Nf3 Nc6 3. Bc4 Bc5 4. O-O d6 5. d3 a6 6. c3 Nf6 7. Nbd2 Ba7 8. Bb3 O-O 9. Re1 Ng4 10. Rf1 {C54: Giuoco Piano: 4 c3 Nf6, main lines with 5 d4 and 5 d3} (10. Re2 Kh8 11. h3 Nh6 12. d4 exd4 13. cxd4 Nxd4 14. Nxd4 Bxd4 15. Nf3 Bf6 16. Bf4 Be6 17. Rc1 Qe7 {1-0 (33) Vachier Lagrave,M (2762)-Amin,B (2635) Dubai 2014}) 10... Kh8 11. h3 Nh6 12. g4 (12. Nc4 $11) 12... Ne7 $146 ({Predecessor:} 12... g6 13. Nh2 f5 14. Kg2 fxg4 15. hxg4 Nxg4 16. Nxg4 Qh4 17. f3 Bxg4 18. fxg4 Bf2 {0-1 (18) Ranits,F (2168)-Knoll,H (2378) Vienna 2010}) 13. Nh2 Ng6 {Strongly threatening ...Qh4.} 14. Ndf3 c6 15. d4 f6 16. Re1 Nf7 17. Be3 (17. h4 $11 {remains equal.}) 17... Ng5 $17 18. Nxg5 fxg5 19. dxe5 Nxe5 20. Bxa7 Rxa7 {[%cal Ba8a7,Ba7e7,Be7e8,Be8f8][%mdl 32]} 21. Qd4 {[#]} (21. Qd2 $142) 21... c5 $1 {[%cal Rc5d4]} 22. Qe3 b6 23. Bd5 Qf6 24. Rad1 Re7 25. Rd2 Qh6 26. Qg3 Ree8 27. Re3 {[#]} Rf4 $1 28. c4 {intending Rb3.} Ref8 29. Rb3 {[#]} b5 $1 {[%mdl 512]} 30. cxb5 {b6 is the strong threat.} axb5 {[%cal Ba6b5,Bb5b4][%mdl 32]} 31. Ra3 (31. Rxb5 $17 Rf3 32. Nxf3 Nxf3+ 33. Kg2 Nxd2 34. Rb6) 31... b4 $19 32. Ra8 Qf6 33. Re2 (33. Kh1 $142) 33... Qg6 34. Re3 (34. a4 $17) 34... h5 35. f3 (35. Qg2 $142) 35... Qf6 (35... h4 $19 {has better winning chances.} 36. Qf2 Be6 37. Rxf8+ Rxf8 38. Bxe6 Qxe6) 36. Qg2 (36. a3 $17 {might work better.}) 36... Nd7 {Black is clearly better.} 37. Rd3 h4 38. Qe2 Ne5 39. Re3 Bd7 40. Rxf8+ Qxf8 41. a3 Qb8 42. Qd2 Ba4 {Accuracy: White = 33%, Black = 74%.} 1/2-1/2

[Event "Fall Chess Classic-B 2019"]
[Site "Saint Louis"]
[Date "2019.09.18"]
[Round "9.3"]
[White "Mikhalevski, Victor"]
[Black "Shtembuliak, Evgeny"]
[Result "1/2-1/2"]
[WhiteElo "2578"]
[BlackElo "2548"]
[Annotator "TA"]
[PlyCount "82"]
[EventDate "2019.09.10"]
[EventType "tourn"]
[EventCountry "USA"]
[SourceTitle "playchess.com"]
[Source "ChessBase"]
[SourceQuality "1"]

{[%evp 9,82,66,75,83,89,52,71,77,84,70,85,59,67,40,37,51,43,39,31,58,63,70,69,67,75,75,78,77,60,69,64,57,66,50,70,31,35,45,141,32,20,20,25,20,20,0,0,0,0,0,0,0,135,0,39,8,12,0,0,0,8,8,8,8,14,12,14,14,14,0,0,0,0,0,0]} 1. Nf3 g6 2. d4 Bg7 3. c4 d6 4. Nc3 c5 (4... Nc6 5. d5 Ne5 6. Nxe5 Bxe5 7. e4 Nf6 8. Bd3 O-O 9. O-O e6 10. h3 exd5 11. cxd5 Nh5 12. f4 Bd4+ 13. Kh2 Qh4 14. Qe1 Qxe1 15. Rxe1 {0-1 (47) Akobian,V (2625)-Nakamura,H (2746) Saint Louis 2019}) 5. dxc5 Bxc3+ 6. bxc3 {A41: 1 d4 d6: Tartakower System and Modern Defence} dxc5 7. Qxd8+ Kxd8 8. g3 {White is better.} Nc6 9. Bg2 Nf6 10. Be3 Nd7 11. Ng5 $146 ({Predecessor:} 11. O-O f6 12. Rfd1 {½-½ (40) Tunik,G (2469)-Izoria,Z (2547) Moscow 2002}) 11... Nce5 12. h4 h6 13. f4 hxg5 14. fxe5 Nxe5 15. O-O-O+ Kc7 16. Rd5 ({Don't play} 16. Bxg5 Nxc4 17. Bd5 (17. Bxe7 Ne3 $15) 17... Be6 $11) 16... Nc6 17. Bxg5 ({Much worse is} 17. Rxc5 gxh4 18. gxh4 Bg4 $11) 17... f6 18. Bf4+ e5 19. Be3 Bg4 20. Bxc5 Rad8 21. Rf1 f5 22. e4 b6 23. Ba3 Rhe8 {[#]} (23... f4 $14) 24. Bf3 (24. h5 $1 $16 {[%mdl 512]} gxh5 (24... Bxh5 25. exf5) 25. exf5) 24... Bxf3 $14 25. Rxf3 Na5 26. exf5 gxf5 27. Rxf5 Nxc4 28. Rf7+ Kc6 29. Rxd8 Rxd8 $11 {[%mdl 4096] Endgame KRB-KRN} 30. Bf8 Kd5 (30... Rd3 $11) 31. Bh6 ({White should play} 31. g4 $16) 31... Ke6 32. Rf3 Rg8 {The position is equal.} 33. Bd2 e4 34. Rf4 Ke5 35. Be1 Ne3 36. c4 {Hoping for Bc3+.} Kd4 {Strongly threatening ...Ng2.} 37. Kd2 {[#] Black must now prevent Bf2.} Nxc4+ 38. Ke2 Ne5 $1 39. h5 Nd3 40. Bf2+ Nxf2 41. Kxf2 Kd3 {Accuracy: White = 58%, Black = 71%.} 1/2-1/2

[Event "Fall Chess Classic-B 2019"]
[Site "Saint Louis"]
[Date "2019.09.18"]
[Round "9.5"]
[White "Fier, Alexandr"]
[Black "Grigoryan, Avetik"]
[Result "1/2-1/2"]
[WhiteElo "2549"]
[BlackElo "2568"]
[Annotator "TA"]
[PlyCount "70"]
[EventDate "2019.09.10"]
[EventType "tourn"]
[EventCountry "USA"]
[SourceTitle "playchess.com"]
[Source "ChessBase"]
[SourceQuality "1"]

{[%evp 16,70,25,26,23,27,16,-9,59,29,33,0,52,54,70,0,18,21,29,25,18,0,47,39,56,36,50,3,8,0,0,0,0,0,8,-7,-6,-39,-22,-39,0,0,0,0,0,0,0,0,0,0,0,0,0,0,0,0,0]} 1. c4 Nf6 2. Nc3 g6 3. d4 Bg7 4. e4 d6 5. Be2 $146 ({Predecessor:} 5. Nf3 O-O {1-0 (48) Salem,A (2642)-Grivas,E (2445) Sharjah 2018}) 5... O-O 6. Nf3 e5 7. d5 a5 8. Bg5 h6 9. Be3 Ng4 {E92: King's Indian: Classical: 6 Be2 e5: 7 dxe5, 7 Be3 and Petrosian System without 7...Nbd7} 10. Bd2 f5 11. exf5 gxf5 ({Black should play} 11... Bxf5 $11 12. g3 e4) 12. h3 Nf6 13. Qc1 Kh7 ({Better is} 13... f4 $11) 14. g4 $14 Na6 15. gxf5 (15. Rg1 $14) 15... Bxf5 {[#] Threatens to win with ...Nb4.} 16. Nh4 Qd7 17. Nxf5 Qxf5 18. Qb1 Qxb1+ (18... e4 {keeps more tension.} 19. Be3 Nc5 20. Qc2 Nd3+ 21. Kd2 Nb4) 19. Rxb1 c6 20. a3 cxd5 21. Nxd5 Nxd5 22. cxd5 Nc5 23. Be3 e4 24. O-O Rf5 25. Rfd1 h5 26. Bc4 Rg8 {[#] White must now prevent ...Bh6+.} 27. Kf1 Bh6 {Strongly threatening ...Bxe3.} 28. Bxc5 $1 {The position is equal.} dxc5 29. d6 Rgf8 30. d7 $36 {[%mdl 2048] White has the initiative.} Rxf2+ 31. Ke1 Rh2 {aiming for ...Bg5.} 32. d8=Q Rh1+ 33. Ke2 {Intending Qe7+! and mate.} Rh2+ 34. Ke1 Rh1+ 35. Ke2 {White wants to mate with Qe7+!} Rh2+ {Accuracy: White = 48%, Black = 60%.} 1/2-1/2